1752 1348 1811 1035 1772 1387 1746 1775 1237 1655 1443 1324 1321 1035 1650 1294 1084 1639 1703 1956 1281 1823 1247 1025 1797 1466 1948 1162 1996 1707 1219 1047 1643 1199 1361 1820 1498 1669 1240 1229 1374 1276 1485 1590 1638 1126 1296 1160 1860 1284 1515 1864 1746 1758 1226 1022 1682 1922 1738 1647 1809 1232 1947 1044 1753 1028 1432 1280 1424 1163 1024 1250 1484 1874 1685 1598 1294 1599 1223 1047 1973 1243 1969 1582 1560 1042 1930 1291 1466 1636 1685 1644 1063 1219 1888 1262 1344 1264 1028 BCNSPRNW ULIB Ver.6.0+V

เปลี่ยนเป็นภาษาไทย

Change to English
 แสดงรายละเอียดบรรณานุกรม
  กลับหน้าหลัก

Brief Record : Get Marc (ISO 2709) : E-mail record : QR code < ปิดหน้าต่าง
LEADER : 00000nam 2200000uu 4500
001    13399110539
003     ULIB
008    110602s2550||||th 000 0 tha d
020    9789749897942
060 04 WQ100^bส736ร 2550
245 00 เรื่อง(ไม่)ลับของคุณผู้หญิง /^cคณะแพทยศาสตร์จุฬาลงกรณ์มหาวิทยาลัย ; บรรณาธิการ, สุกัญญา ชัยกิตติศิลป์ ... [และคนอื่นๆ]
246 30 เรื่อง(ไม่)ลับ...ของคุณผู้หญิง
246 30 เรื่อง(ไม่)ลับของคุณผู้หญิง
250    พิมพ์ครั้งที่ 1
260    กรุงเทพฯ :^bสรรพสาร,^c2550
300    88 หน้า :^bภาพประกอบ ;^c21 ซม.
440  0 ความรู้ทางการแพทย์สู่ประชาชน
650  7 สตรี^xสุขภาพและอนามัย
700 0  สุกัญญา ชัยกิตติศิลป์,^eบรรณาธิการ
710 2  จุฬาลงกรณ์มหาวิทยาลัย. ^bคณะแพทยศาสตร์
945    ^p90^l0^i026462
995    ทศพร
999 ^a ใช้งานได้ทุกระบบ
รายการนี้ยังไม่มีแท็ก
คุณยังไม่ได้ล็อกอิน คุณสามารถมีกิจกรรมร่วมกับเว็บไซต์ได้ แต่ต้องล็อกอินก่อน ::
  ล็อกอิน

รายการสื่อสารสนเทศ

ลำดับที่ ประเภท เลขเรียก/บาร์โค้ด สถานที่ สถานะ
- ไม่พบข้อมูล -

BibComment


ยังไม่เคยถูกคอมเมนท์

คอมเมนท์ทรัพยากรรายการนี้
  คอมเมนท์: เรื่องไม่ลับของคุ..


 Copyright 2026. Bcnsprnw @Library